=LDR 00000nam 2200000 4500 =001 INLIS000000000028210 =005 20130612130530 =008 ***********************************Ind** =035 ##$$0010-061300000028210 =041 ##$$a Ind =082 ##$$a 794.1 =090 ##$$a 794.1, Suc d =100 ##$$a Sucahyo, Imam =245 ##$$a Dari kritis menjadi remis, Imam Sucahyo =260 ##$$a 1993 $b Jakarta =300 ##$$a 48 hlm, ilus, 22 cm =650 ##$$a Permainan Catur =850 ##$$a NBPNMAT